| 000 | 00658nam a2200205 u 4500 | ||
|---|---|---|---|
| 005 | 20240919063858.0 | ||
| 008 | 181121s2016 mx r 000 0 spa d | ||
| 020 | _a9786079218409 | ||
| 035 | _aUPN01000228011 | ||
| 049 | _aCG | ||
| 050 | 4 |
_aJL1292 _bT4.7 |
|
| 245 | 0 | 0 |
_aTestimonios ciudadanos sobre el proceso electoral 2014-2015 / _cMaría Alejandra de Florencia Bobadilla ... [et al.]. |
| 260 |
_aMéxico : _bINE, _c2016. |
||
| 300 | _a219 p. | ||
| 650 | 2 |
_aElecciones _zMéxico _95520 |
|
| 651 | 4 |
_aMéxico _xPolítica y gobierno _94512 |
|
| 700 | 1 |
_aFlorencia Bobadilla, María Alejandra de, _ecoaut. _942595 |
|
| 905 | _aLibro | ||
| 999 |
_c200106 _d200106 |
||